00508 2200181 4500001002100000008004100021035002000062245006900082100002100151260003400172300002300206020002200229084001600251082000800267650001300275990001900288990001900307INLIS000000000000460 ind  a0010-0625000128 aTri Rismaharini, Kisah perjuangan dan InspirasicErvina Pitasari aPitasari, Ervina aYogyakarta.bChecklist,c2018 a238 hlm.c20,5 cm. a978-605-5479-61-8 a923.2 NUR m a920 aBiografi a2107/MP.H/2018 a2108/MP.H/2018